| 000 | 00407nam a22001697a 4500 | ||
|---|---|---|---|
| 005 | 20180221121709.0 | ||
| 008 | 160519b xxu||||| |||| 00| 0 eng d | ||
| 020 | _a140-392859-2 | ||
| 041 | _aeng | ||
| 082 |
_b3138 _a174.4 |
||
| 100 |
_aMathur, U C _94155 |
||
| 245 | _aCorporate Governance and Business Ethics | ||
| 260 |
_bMac Millan _c2005 |
||
| 300 | _a306 | ||
| 650 |
_aManagement _9241 |
||
| 942 | _cBK | ||
| 999 |
_c1079 _d1079 |
||